Datum a čas kvízu
20
Celkem bodů
Celkový počet nahraných bodů na tomto kvízu bez doplňovacích otázek.
3.
Pořadí na kvízu
Konečné umístění týmu na tomto kvízu.
Zaznamenané odpovědi
| # | Otázka | Odpověď | Body | Výsledky |
|---|---|---|---|---|
| 1. | Ve čtvrtek začala naše největš... | golfový vozík, Miroslav Toman | 0.5 | |
| 2. | Po tom rakouském se rozpadl da... | Itálie | 1 | |
| 3. | Ze zábavního parku Tazmania v... | dvě její ramena připomínala hákové kříže | 0 | |
| 4. | Po letech tradice pojmenováván... | Android 10 | 0 | |
| 5. | Na startovní listině španělské... | Zdeněk Štybar | 0 | |
| 6. | S menšími či většími oslími mů... | 2014 Soči | 0 | |
| 7. | "Když končí se den a usne má z... | Voda živá | 1 | |
| 8. | Které ministerstvo vedl v lete... | C | 1 | |
| 9. | Jednou z nejzajímavějších a ne... | Svitavy | 0 | |
| 10. | František Langer byl český spi... | jehly, Pištory | 1 |